| 000 | 00392nam a2200145Ia 4500 | ||
|---|---|---|---|
| 008 | 231019s9999 xx 000 0 und d | ||
| 020 | _a978-0-85732-724-6 | ||
| 082 |
_a657 _bLYN-M |
||
| 100 | _aFoulks Lynch | ||
| 245 | 0 | _aIntroductory level Paper MA1 Management Information Study Text(FIA) | |
| 260 |
_aUK _bKaplan Publishing _c2013 |
||
| 300 | _a270 | ||
| 650 | _aAccounting | ||
| 999 |
_c34583 _d34583 |
||